000 00847nam a22002297a 4500
005 20170522170444.0
008 141001c19119999ko qr p r 0 0a0eng d
022 _a2093-8209
040 _aCO-BoIAVH
_cCO-BoIAVH
041 0 _aeng
082 0 4 _a919
245 0 3 _aThe Bulletin of National Institute of Biological Resources
246 0 4 _aBulletin
_bNational Institute of Biological Resources
260 _aKorea :
_bNational Instituto of Biological Resources - NIBR
_c2011.
300 _av.
_c28 cm.
650 4 _aRecursos Naturales
_zKorea
_v Publicaciones seriadas.
_981625
651 4 _aKorea
_v Publicaciones seriadas.
_981626
700 1 _aKim, Chong-Chum
_epub.
_927387
710 2 _aNational Instituto of Biological Resources
_927388
856 _uhttp://www.nibr.go.kr/eng/board/article_list.jsp?board_no=67&menuTop=5
942 _2z
_cREVISTA
999 _c8741
_d8741